000 00555cam a2200205 4500
001 D6744
008 090401t1957 xxu||||| |||| 00| 0 eng d
035 _a(Sirsi) u2731
041 _aeng
050 _a692.8
110 _aLondon County Council
_91711
245 _aAgreement for preparation of bills of quantities and certain other quantity surveying services
260 _aLondon
_bLondon County Council
_c1957
300 _a7p. 33cm
350 _a0
520 _aCover title
650 _aPROFESSIONAL FEES
942 _n0
948 _c04/03/1997
999 _c85804
_d85804